moderne 1 - Statistiques

Statistiques générales
  • Ce quiz a été pris 11 fois
  • Le résultat moyen est 12 sur 45
Statistiques - réponses
Hint Réponse % Correct
mouvement qui réveille l'intérêt pour l’antiquité et les textes anciens en langue grecque et l’hébreux notamment sur les traductions de la Bible humaniste
100%
bapteme, confirmation, communion........ sacrements
86%
lieux de culte des protestants temple
86%
concile de 1545 à 1562 concile de Trente
57%
édit qui révoque l’édit de Nantes en 1685 et interdit l’exercice de la religion protestante et l’émigration des réformés. édit de fontainebleau
57%
édit rendant l’état civil aux protestants, le droit de faire enregistrer les mariages et les naissances devant des magistrats civils, mais la célébration du culte public demeure interdit. édit de tolérance
57%
sujet de discorde entre les différentes branches protestantes(Zwinglienne, Luthérienne, Calviniste) eucharistie / transubstantation / Cène
57%
traduction latine de la Bible achevée par Saint-Jérôme au IVème siècle. La vulgate
57%
fonction exercer par Calvin après sa fuite à Strasbourg pasteur
57%
Genève des Cévennes Anduze
43%
personne publiant à Rotterdam en 1416 un nouveau testament qui reprend le texte originel en grec et propose une traduction latine qui corrige la vulgate. Erasme
43%
guérilla dans les Cévennes qui fonctionne avec des embuscades guerre des camisards
43%
terme à l'origine donné par Calvin pour caractériser les protestants cachant leur foi nicodémites
43%
réformé qui abjurent massivement sous Louis XIV nouveaux convertis
43%
picard auteur d'une bible en 1535 qui sera commandée par les Vaudois olivetan
43%
mouvement né dans le Piémont Italien et qui en 1532,se fond avec la réforme calviniste vaudois
43%
affaires auxquelles les philosophes vont se rallier à la cause des huguenots Callas / Sirven
29%
foyer de réformistes, avec des mouvements évangélistes, dissous en 1525 cercle de Meaux
29%
nom de la crise opposant le roi Henri II et le pape en 1551 crise gallicane
29%
guerre durant laquelle les protestants sont soupçonnés d'être des ennemis de l’intérieur, campagne de rebaptisation forcée (enfants enlevés) guerre de 7 ans
29%
marquis qui en 1785,au côté de Rabaut st Etienne soutient l'émancipation des protestants français Lafayette
29%
personne définit par les termes de "ministre de la religion " prédicant
29%
saints accordants leurs protections pour la peste St Roch / St Sebastien
29%
nombres de censures au Portugal fonctionnant de manière concomitante 3
14%
motif de répression donné par le roi pour réprimer le protestantisme suite à l'affaire des placards crime de lèse majesté / trouble à l'ordre public
14%
persécutions dirigées sous le règne de Louis XIV contre les communautés protestantes dragonnade
14%
traducteur de la bible en français en 1530 lefèvre d'Etaples
14%
librairie qui imprime cette bible pierre de vingle
14%
termes pour qualifier la politique au sujet des protestants sous Charles IX politique d'apaisement
14%
maréchaux qui marquent cette guerre Villars / Montrevel
14%
nombre de livre imprimé en Allemagne à la fin du XV ème 25 000
0%
prof de droit de Calvin vers lequel son père va le diriger Alcia
0%
rédacteur des pamphlets de Luther en 1534 Antoine Marcourt
0%
cérémonie entrainant un synchrétisme de la liturgie royale et ecclésiastique cérémonie royale
0%
espace géographique rendant compte d'une forte concentration d'églises réformées de la Rochelle à Toulon croissant huguenot
0%
échange sur les idées religieuses disputatio
0%
édit punissant de mort les faits en armes édit de Juillet 1561
0%
partie à la cour royale qui s'oppose à celui de Montmorency sur la question de la politique royale a abordé au sujet de la réforme l’amiral Philippe Chabot de Brion
0%
traité assurant la paix avec l'espagne en 1559 le traité de Cateau-Cambrésis
0%
le mariage n’est pas un sacrement mais ya une forme de .............. liturgie de bénédiction
0%
historien affirmant qu'en 1560,seule 3 familles à Anduze reste catholique Patrick Cabanel
0%
termes pour qualifier la politique au sujet des protestants sous le règne de Henri II (fin 1559) et François II(fin 1660) poltique répressive
0%
privilèges accordés sur l'église à l'issue de cette cérémonie privilèges canoniques
0%
politique amené par les déclarations royales entre 1661 et 1678 re-catholicisation
0%
évenement rendant compte de la sortie de la clandestinité pour les protestants réunion du pré aux clairs
0%
Aucun quiz correspondant
Distribution des résultats
% des personnes avec chaque résultat
Percentile par nombre de réponses
Votre historique - résultats
Vous n’avez pas pris ce quiz